000 00294nam a22001337a 4500
008 170301b xxu||||| |||| 00| 0 eng d
020 _a9781934323007
041 _aeng
080 _a61
100 _a6
101 _aSHM
245 _aHANDBOOK OF ANESTHESIOLOGY
_cEZEKIEL, M.R
942 _2udc
_cBK
999 _c6492
_d6492